Guess the Harry Potter Movies by Scene #18 - Statistics

General Stats
  • This quiz has been taken 125 times
  • The average score is 16 of 20
Answer Stats
Picture Answer % Correct
Philosopher's Stone
97%
Half-Blood Prince
95%
Philosopher's Stone
92%
Chamber of Secrets
86%
Chamber of Secrets
84%
Deathly Hallows – Part 1
84%
Goblet of Fire
84%
Order of the Phoenix
84%
Chamber of Secrets
81%
Deathly Hallows – Part 2
78%
Goblet of Fire
78%
Goblet of Fire
78%
Half-Blood Prince
78%
Half-Blood Prince
78%
Half-Blood Prince
78%
Order of the Phoenix
78%
Philosopher's Stone
78%
Prisoner of Azkaban
78%
Order of the Phoenix
76%
Philosopher's Stone
73%
No matching quizzes found
Score Distribution
Percent of People with Each Score
Percentile by Number Answered
Your Score History
You have not taken this quiz